Transport in the nineties:the shaping of Europe ... commissioned by the Royal Institution of Chartered Surveyors for publication at its annual conference in Paris, October 1989 (Record no. 92516)

MARC details
000 -LEADER
fixed length control field 01024cam a2200313 4500
008 - FIXED-LENGTH DATA ELEMENTS--GENERAL INFORMATION
fixed length control field 090401t1989 xxu||||| |||| 00| 0 eng d
020 ## - INTERNATIONAL STANDARD BOOK NUMBER
International Standard Book Number 0854064303
035 ## - SYSTEM CONTROL NUMBER
System control number (Sirsi) u49189
041 ## - LANGUAGE CODE
Language code of text/sound track or separate title eng
050 ## - LIBRARY OF CONGRESS CALL NUMBER
Classification number 711.7094
090 ## - LOCALLY ASSIGNED LC-TYPE CALL NUMBER (OCLC); LOCAL CALL NUMBER (RLIN)
Classification number (OCLC) (R) ; Classification number, CALL (RLIN) (NR) RICS 1989/61ABCDE
100 ## - MAIN ENTRY--PERSONAL NAME
Personal name Bendixson, Terence
245 ## - TITLE STATEMENT
Title Transport in the nineties:the shaping of Europe ... commissioned by the Royal Institution of Chartered Surveyors for publication at its annual conference in Paris, October 1989
260 ## - PUBLICATION, DISTRIBUTION, ETC.
Place of publication, distribution, etc. London
Name of publisher, distributor, etc. Surveyors Publications
Date of publication, distribution, etc. 1989
300 ## - PHYSICAL DESCRIPTION
Extent ix,54p. : ill.,maps ; 30cm.
350 ## - PRICE (NR) (BK AM CF MU VM SE) [OBSOLETE]
Price 35
650 ## - SUBJECT ADDED ENTRY--TOPICAL TERM
Topical term or geographic name entry element FUNDING
650 ## - SUBJECT ADDED ENTRY--TOPICAL TERM
Topical term or geographic name entry element INTELLIGENT HIGHWAY
650 ## - SUBJECT ADDED ENTRY--TOPICAL TERM
Topical term or geographic name entry element RAILWAYS
650 ## - SUBJECT ADDED ENTRY--TOPICAL TERM
Topical term or geographic name entry element RICS
650 ## - SUBJECT ADDED ENTRY--TOPICAL TERM
Topical term or geographic name entry element ROAD PRICING
650 ## - SUBJECT ADDED ENTRY--TOPICAL TERM
Topical term or geographic name entry element PROPERTY-INFRASTRUCTURE-TRANSPORT INFRASTRUCTURE-ROAD INFRASTRUCTURE
650 ## - SUBJECT ADDED ENTRY--TOPICAL TERM
Topical term or geographic name entry element TOLL ROADS
650 ## - SUBJECT ADDED ENTRY--TOPICAL TERM
Topical term or geographic name entry element TRAFFIC MANAGEMENT
690 ## - LOCAL SUBJECT ADDED ENTRY--TOPICAL TERM (OCLC, RLIN)
Topical term or geographic name as entry element TRANSPORT AND COMMUNICATIONS
710 ## - ADDED ENTRY--CORPORATE NAME
Corporate name or jurisdiction name as entry element Royal Institution of Chartered Surveyors
9 (RLIN) 4900
942 ## - ADDED ENTRY ELEMENTS (KOHA)
Suppress in OPAC 0
948 ## - LOCAL PROCESSING INFORMATION (OCLC); SERIES PART DESIGNATOR (RLIN)
c (OCLC) 04/03/1997
Holdings
Withdrawn status Lost status Source of classification or shelving scheme Damaged status Not for loan Home library Current library Shelving location Date acquired Cost, normal purchase price Total Checkouts Full call number Barcode Date last seen Copy number Cost, replacement price Price effective from Koha item type Date last checked out
    Dewey Decimal Classification     London London RICS Boxes 14/08/1991 35.00   RICS 1989/61 30019331 06/08/2019 1 35.00 06/08/2019 Reference material  
    Dewey Decimal Classification     London London RICS Boxes 14/08/1991 35.00   RICS 1989/61 30019335 06/08/2019 2 35.00 06/08/2019 Book  
    Dewey Decimal Classification     London London RICS Boxes 14/09/1999 35.00   RICS 1989/61 30019339 06/08/2019 3 35.00 06/08/2019 Book  
    Dewey Decimal Classification     London London RICS Boxes 14/09/1999 35.00   RICS 1989/61 30022739 06/08/2019 4 35.00 06/08/2019 Archive  
    Dewey Decimal Classification     London London RICS Boxes 06/09/1993 35.00 1 RICS 1989/61 30039532 06/08/2019 1 35.00 06/08/2019 Book 29/02/2000